|
|
|
|
| LEADER |
01147cam a2200301 7i4500 |
| 001 |
0000036426 |
| 005 |
20200921090000.0 |
| 007 |
##ta |
| 008 |
200807s2014 my a e f000 0 eng |
| 020 |
# |
# |
|a 9789671120354
|
| 040 |
# |
# |
|a MATR
|
| 090 |
0 |
0 |
|a M 320.4595
|b FUA (LRM)
|
| 100 |
1 |
# |
|a Fuad Hassan,
|c Dato',
|d 1952-2014
|e author
|
| 245 |
1 |
0 |
|a MEGA QUIZ :
|b ESSENTIAL FACTS ABOUT NATIONHOOD
|c FUAD HASSAN, MOHD AYOP ABD RAZID.
|
| 250 |
0 |
0 |
|a First Edition.
|
| 264 |
# |
1 |
|a Kuala Lumpur:
|b Department of Special Affairs (JASA), Ministry of Communications and Multimedia,
|c 2014.
|
| 300 |
# |
# |
|a 120 pages:
|b illustrations;
|c 20 cm.
|
| 336 |
# |
# |
|a text
|2 rdacontent
|
| 337 |
# |
# |
|a unmediated
|2 rdamedia
|
| 338 |
# |
# |
|a volume
|2 rdacarrier
|
| 504 |
# |
# |
|a Includes bibliographical references (119-120)
|
| 650 |
# |
0 |
|a Malaysia --
|x Economic conditions
|
| 650 |
# |
0 |
|a Malaysia --
|x History
|
| 650 |
# |
0 |
|a Malaysia --
|x Social conditions
|
| 650 |
# |
0 |
|a Malaysia --
|x Politics and government
|
| 700 |
0 |
# |
|a Mohd. Ayop Abd. Razid(
|d 1960-)
|
| 999 |
|
|
|a 0000041111
|b Book
|c Book
|e Business Information Centre
|
| 999 |
|
|
|a 0000041110
|b Book
|c Book
|e Business Information Centre
|